| Record ID | ia:digitalsystemste0000abra |
| Source | Internet Archive |
| Download MARC XML | https://archive.org/download/digitalsystemste0000abra/digitalsystemste0000abra_marc.xml |
| Download MARC binary | https://www.archive.org/download/digitalsystemste0000abra/digitalsystemste0000abra_meta.mrc |
LEADER: 02797cam 2200757 a 4500
001 ocm20594770
003 OCoLC
005 20181014023502.0
008 891018s1990 nyua b 001 0 eng
010 $a 89025259
040 $aDLC$beng$cDLC$dUKM$dBTCTA$dYDXCP$dHEBIS$dDEBBG$dBDX$dGBVCP$dOCLCO$dOCLCF$dOCLCQ$dDHA$dOCLCQ
015 $aGB91-43695
016 7 $a071-67817$2uk
016 7 $aGB9-14369$2uk
020 $a0716781794
020 $a9780716781790
035 $a(OCoLC)20594770
050 00 $aTK7874$b.A23 1990
082 00 $a621.381/5$220
084 $aELT 468f$2stub
084 $aST 190$2rvk
084 $aZN 4030$2rvk
084 $aZN 5680$2rvk
084 $a53.50$2bcl
088 $a89025259
100 1 $aAbramovici, Miron.
245 10 $aDigital systems testing and testable design /$cMiron Abramovici, Melvin A. Breuer, Arthur D. Friedman.
260 $aNew York, NY :$bComputer Science Press,$c℗♭1990.
300 $axxi, 653 pages :$billustrations ;$c25 cm.
336 $atext$btxt$2rdacontent
337 $aunmediated$bn$2rdamedia
338 $avolume$bnc$2rdacarrier
490 1 $aElectrical engineering, communications, and signal processing
504 $aIncludes bibliographical references (pages 644-645) and index.
650 0 $aDigital integrated circuits$xTesting.
650 0 $aDigital integrated circuits$xDesign and construction.
650 7 $aDigital integrated circuits$xDesign and construction.$2fast$0(OCoLC)fst00893696
650 7 $aDigital integrated circuits$xTesting.$2fast$0(OCoLC)fst00893702
650 07 $aDigitales System.$2swd
650 07 $aSystementwurf.$2swd
650 07 $aDigitales System.$0(DE-588)4012300-5$2gnd
650 07 $aPru ftechnik.$0(DE-588)4047610-8$2gnd
650 07 $aPru fung.$0(DE-588)4047609-1$2gnd
650 07 $aSchaltungsentwurf.$0(DE-588)4179389-4$2gnd
650 07 $aTestbarkeit.$0(DE-588)4271826-0$2gnd
650 07 $aVLSI.$0(DE-588)4117388-0$2gnd
653 $aElectronic equipment$aTesting
700 1 $aBreuer, Melvin A.
700 1 $aFriedman, Arthur D.
830 0 $aElectrical engineering communications and signal processing series.
856 41 $3Table of contents$uhttp://www.gbv.de/dms/bowker/toc/9780716781790.pdf
938 $aBrodart$bBROD$n41730542$c$54.95
938 $aBaker and Taylor$bBTCP$n89025259$c$34.00
938 $aYBP Library Services$bYANK$n596421
029 1 $aAU@$b000006779910
029 1 $aAU@$b000047125760
029 1 $aDEBBG$bBV004626127
029 1 $aDEBBG$bBV006584926
029 1 $aGBVCP$b019715617
029 1 $aHEBIS$b19082509X
029 1 $aNLGGC$b056429177
029 1 $aNZ1$b4541528
029 1 $aYDXCP$b596421
029 1 $aAU@$b000060806300
994 $aZ0$bP4A
948 $hNO HOLDINGS IN P4A - 219 OTHER HOLDINGS